• 首页
  • 本馆介绍
  • 公告通知
  • 最新文献
  • 馆藏检索
  • 电子资源
  • 读者导购
  • 参考咨询
  • 我的图书馆
  • 登录
  • 详细信息显示
  • 放入我的书架
  • 预约/预借图书
  • 作者相关作品
  • 分类相关作品
  • 丛书相关作品
  • 出版社相关作品

书目信息

  • 表格格式
  • 工作单格式
  • 卡片格式
题名:
阳光·梦想
    
 
作者: 张海涛 , 丁晓 主编
分册:  
出版信息: 北京   航空工业出版社  2014
页数: 242页
开本: 26cm
丛书名:
单 册:
中图分类: G444-43 , G647.9-43
科图分类:
主题词: 大学生--da xue sheng--心理健康--健康教育--高等学校--教材
电子资源:
ISBN: 978-7-5165-0555-7
000 01450nam0 2200313 450
001 012001004475
005 20131022174300.0
010    @a978-7-5165-0555-7@dCNY29.80
099    @aCAL 012015006894
100    @a20141110d2014 em y0chiy50 ea
101 0  @achi
102    @aCN@b110000
105    @ak a 000yy
106    @ar
200 1  @a阳光·梦想@Ayang guang · meng xiang@e大学生健康心理导论@f主编张海涛, 丁晓
210    @a北京@c航空工业出版社@d2014
215    @a242页@d26cm
300    @a普通高等教育“十二五”规划教材
320    @a有书目 (第240页)
330    @a本书主要介绍了与大学生心理健康的相关知识,全书共分12章,具体内容包括积极健康心理阳光与梦想同行,积极了解心理阳光与快乐无限,积极面对自我阳光照耀我心田,积极管控情绪阳光照耀我前行,积极沟通交流阳光照耀我梦想,积极高效学习 梦想与现实接轨,用心感悟爱情阳光照耀彼此,直面心理问题再现阳光生活,认识人格障碍追求阳光与梦想,积极接受治疗朝阳光梦想前进,了解中医理论调试健康心理,参加音乐治疗美好阳光心情。
333    @a本书可作为本科、大专、高职院校学生的心理健康相关课程教学用书,也可作为大学辅导员、心理咨询师的参考用书,
517 1  @a大学生健康心理导论@Ada xue sheng jian kang xin li dao lun
606 0  @a大学生@Ada xue sheng@x心理健康@x健康教育@x高等学校@j教材
690    @aG444-43@v5
690    @aG647.9-43@v5
701  0 @a张海涛@Azhang hai tao@4主编
701  0 @a丁晓@Ading xiao@4主编
801  0 @aCN@b江苏凤凰@c20191020
905    @b1223467-9@dG444-43@e475@f3
    
    阳光·梦想:大学生健康心理导论/主编张海涛, 丁晓.-北京:航空工业出版社,2014
    242页;26cm
    普通高等教育“十二五”规划教材.-使用对象:本书可作为本科、大专、高职院校学生的心理健康相关课程教学用书,也可作为大学辅导员、心理咨询师的参考用书,
    
    ISBN 978-7-5165-0555-7:CNY29.80
    本书主要介绍了与大学生心理健康的相关知识,全书共分12章,具体内容包括积极健康心理阳光与梦想同行,积极了解心理阳光与快乐无限,积极面对自我阳光照耀我心田,积极管控情绪阳光照耀我前行,积极沟通交流阳光照耀我梦想,积极高效学习 梦想与现实接轨,用心感悟爱情阳光照耀彼此,直面心理问题再现阳光生活,认识人格障碍追求阳光与梦想,积极接受治疗朝阳光梦想前进,了解中医理论调试健康心理,参加音乐治疗美好阳光心情。
●
相关链接 在E读中查询图书 在五车中查询图书 在当当中查询图书 在豆瓣中查询图书


正题名:阳光·梦想     索取号:G444-43/475         预约/预借

序号 登录号 条形码 馆藏地/架位号 状态 备注
1 1223467   212234679   第一样本阅览室/ [索取号:G444-43/475] 在馆    
2 1223468   212234688   第四借阅区/ [索取号:G444-43/475] 在馆    
3 1223469   212234697   第四借阅区/ [索取号:G444-43/475] 在馆    
唐山师范学院图书馆 欢迎您!
大连网信软件有限公司© 版权所有